000 00676nam a2200181 a 4500
008 090313s2004 ||||||||||||||||| || u
020 _a0750663448
050 _aTK 7868.D5 Str
100 _aStranneby, Dag
245 1 0 _aDigital signal processing and applications. (2nd ed.)
_cDag Stranneby, William Walker
250 _a2nd ed.
260 _aOxford:
_bNewnes
_c2004
300 _ax,357p.: ill.
350 _a0.00
650 _aSIGNAL PROCESSING--DIGITAL TECHNIQUES
700 _aWalker, William
995 _D0.00
_FCBU-MAIN LIBRARY (Kitwe)
_H1
_I0.00
_M1
_UAVAILABLE
_WMar 30, 2009
_ZMain Library Open Access Collection
999 _c40190
_d40190